000 00748nam a22002297a 4500
999 _c9385
_d9385
003 AR-CdUCM
008 190327b ||||| |||| 00| 0 spa d
040 _aMUNICIPALIDAD PROVINCIAL DEL CUSCO
_cBIBLIOTECA MUNICIPAL DEL CUSCO
041 _hrus
082 _a891.403 /
_bG55 / 1946
100 _aGladkov, Fedor
_925550
245 _aCemento /
260 _aLa Plata :
_bCalomino,
_c1946.
300 _a374 páginas ;
_c18 cm.
505 _aContenido: La fabrica desierta -- La venda roja -- El comité -- El club obrero "La internacional" -- El emigrado ...
650 _aNovelas rusas
_92132
650 _aLiteratura rusa
_99988
650 _aNovela
_95
700 _aPeralta, Pedro (traductor)
_925551
942 _2ddc
_cLIBROS
945 _aacv